00354nam a2200133Ia 4500008004100000020001500041041001200056082001600068100001500084245005000099260004700149300000800196650001600204221030s9999 xx 000 0 und d a812240670X aEnglish a105.23bXav aC. Xavier 0aFortran 77 & Numerical Methodscby C. Xavier bNew Age International PubaNew Delhic2001 a527 aBE Computer